| 000 | 00694nam a2200181 i 4500 | ||
|---|---|---|---|
| 001 | 47127 | ||
| 003 | ES-MaACL | ||
| 005 | 20250826083348.0 | ||
| 007 | t| | ||
| 008 | 030403s1932 fr |||| | fre d | ||
| 245 | 0 | 0 |
_aContribution à l'etude de la comparaison internationale du coût de la vie _b: enquête sur le coût de la vie de certains groupes d'ouvries a Detroit (Etats Units) et dans quatorze villes européennes. |
| 260 |
_aGenève : _bBureau International du Travail, _c1932. |
||
| 300 |
_aVII, 262 p. ; _c24 cm. |
||
| 650 | 7 |
_aNivel de vida _2embne _9171975 |
|
| 710 | 1 |
_aOficina Internacional del Trabajo _96023 |
|
| 852 |
_aES-MaACL _jA-1195 |
||
| 999 |
_c47127 _d47127 |
||